Manual de apoyo para fortalecer los consejos escolares
Na minha lista:
| Autor Corporativo: | |
|---|---|
| Formato: | Livro |
| Idioma: | espanhol |
| Publicado em: |
Santiago
Mineduc
2005
|
| Colecção: | Más Participación Mejor Educación
|
| Assuntos: | |
| Tags: |
Adicionar Tag
Sem tags, seja o primeiro a adicionar uma tag!
|
MARC
| LEADER | 00000nam a2200000 a 4500 | ||
|---|---|---|---|
| 001 | UCG1775 | ||
| 003 | CL-VaPUC | ||
| 008 | 100520e20050000CL |||||||||||||||||spa|d | ||
| 020 | |a 9562921050 | ||
| 082 | 0 | 4 | |a 370.115 |b MIN |2 21 |
| 110 | 2 | |a Ministerio de Educación |e author |9 549782 | |
| 245 | 1 | 0 | |a Manual de apoyo para fortalecer los consejos escolares |
| 300 | |a 207 p | ||
| 942 | |c BK | ||
| 945 | |d 20100520 00:00:00 |a rbrito | ||
| 260 | |a Santiago |b Mineduc |c 2005 | ||
| 650 | 7 | |a CONSEJOS ESCOLARES |2 CL-VaPUC |9 434034 | |
| 650 | 0 | |a Administración de la enseñanza |9 261034 | |
| 650 | 0 | |a Gestión educacional |9 261035 | |
| 650 | 0 | |a Democratización de la educación |9 307986 | |
| 583 | |a last modification |c 20170504 12:28:09 |k Rodrigo Vera | ||
| 490 | 0 | |a Más Participación Mejor Educación | |
| 999 | |c 341038 |d 341036 | ||
| 952 | |0 0 |1 0 |4 0 |6 370_115000000000000_MIN_2005 |7 0 |8 A |9 436255 |a BIBEDU |b BIBEDU |d 2019-11-22 |i 4676785 |o 370.115 MIN 2005 |p 4676785 |r 2019-11-22 |w 2019-11-22 |y BK |k EBA | ||